zpět

Detail výsledku týmu

Klub Tyjátr, Svitavy

Datum a čas kvízu

24.5 Celkem bodů Celkový počet nahraných bodů na tomto kvízu bez doplňovacích otázek.
5. Pořadí na kvízu Konečné umístění týmu na tomto kvízu.

Zaznamenané odpovědi

# Otázka Odpověď Body Výsledky
1. Jak se jmenovala žena, jejíž s... Olga Kočková 0
2. Letadlo ruského ministra zahra... v Brazílii 1
3. Letošní vyhlášení tuzemských k... Muriel 0
4. Japonští vědci minulý týden oz... ze dřeva 0
5. Jeden teprve osmnáctiletý česk... Jakub Menšík, Katar 1
6. Součástí televizního programu... Hodina pravdy 0
7. Milovníkům AZ-kvízu či zábavný... pěstební dělnice 0
8. Napište název televizní soutěž... Kufr 0
9. V dnešní době je velmi populár... 1D 2A 3B 4C 1
10. Kdo z uvedených nikdy nemodero... D 0